| 000 | 00359nam a2200145Ia 4500 | ||
|---|---|---|---|
| 008 | 150201s2005 xx 000 0 und d | ||
| 082 |
_a612.015 _bP2005D |
||
| 100 | _aDANDEKER,SUCHETA | ||
| 245 | _aPRACTICALS & VIVA IN MEDICAL BIOCHEMISTRY | ||
| 250 | _a1ST | ||
| 260 |
_bMOSBY _aDELHI _c2005 |
||
| 300 | _a1-242 | ||
| 650 | _aBIOCHEMISTRY | ||
| 942 |
_2ddc _cBK |
||
| 999 |
_c3418 _d3418 |
||